|
|
|
|
| LEADER |
00000nam a2200000 a 4500 |
| 001 |
UCM8860 |
| 003 |
CL-VaPUC |
| 008 |
030328e19980000UK |||||||||||||||||eng|d |
| 082 |
0 |
4 |
|a 401.41
|b GRA
|2 21
|
| 100 |
0 |
|
|a Grant, David
|e author
|9 475115
|
| 700 |
0 |
|
|a Keenoy, Tom
|e author
|9 475116
|
| 700 |
0 |
|
|a Oswick, Cliff
|e author
|9 475117
|
| 245 |
1 |
0 |
|a Discourse and organization
|
| 300 |
|
|
|a 248 p
|
| 942 |
|
|
|c BK
|
| 945 |
|
|
|d 20030328 00:00:00
|a cmena
|
| 260 |
|
|
|a Londres
|b Sage
|c 1998
|
| 650 |
|
0 |
|a Análisis del discurso
|9 256696
|
| 650 |
|
0 |
|a Sociolingüística
|9 263716
|
| 583 |
|
|
|a last modification
|c 20030328 00:00:00
|k Rodrigo Vera
|
| 999 |
|
|
|c 303277
|d 303275
|
| 952 |
|
|
|0 0
|1 0
|4 0
|6 401_410000000000000_GRA_1998
|7 0
|8 A
|9 364472
|a FDOPOS
|b FDOPOS
|d 2019-11-21
|i 3888967
|o 401.41 GRA 1998
|p 3888967
|r 2025-01-22
|w 2019-11-21
|y BK
|k MLA
|